| 000 | 01039nam a2200289Ia 4500 | ||
|---|---|---|---|
| 003 | OSt | ||
| 005 | 20221007125330.0 | ||
| 006 | a|||||r|||| 00| 0 | ||
| 007 | ta | ||
| 008 | 221006b |||||||| |||| 00| 0 eng d | ||
| 020 |
_a0471149551 (pbk) _c _ 15.95 |
||
| 024 | _a9392 | ||
| 037 |
_bN R Book, _cTextual |
||
| 040 |
_aCDL _cCDL _beng |
||
| 041 |
_2eng _aeng |
||
| 082 | _aE:218:(B27), N8 | ||
| 100 |
_aCarter Robert L _9721800 |
||
| 245 | 0 | _aMolecular symmetry and group theory by Robert L Carter | |
| 260 |
_aNew _bYork John Wiley Sons, Inc. _c1998 |
||
| 300 |
_ax, 299p _ccm. |
||
| 500 | _aAppendix A-D, 261-292p; Index 293-299p; ^n23/CSL/CSRC/2001-02/926^d2002-02-15^mPurchase; ; 2001-02/558^b2002-03-25^c168/01^d2002-03-18^eRs.3,791.27^fN R Book Distributors; ; 2002-08-27^bSB^c2003-09-29^dJindal | ||
| 650 |
_a Group theory _9440733 |
||
| 650 |
_a Molecular structure _9713791 |
||
| 650 | _aChemistry | ||
| 942 |
_hE:218:(B27), N8 _cTEXL _2CC |
||
| 999 |
_c1215094 _d1215094 |
||